00297nam a2200109Ia 4500008004100000040001700041041001200058082001300070245008400083260000900167300001100176230917s9999||||xx |||||||||||||| ||und|| e150820aMAIN aEnglish a810 A35A 0aAmerican literature: A journal of literary history, criticisim and bibliography c1969 a639 p.